Countries bombed in the 2026 Iran War - Statistics

General Stats
  • This quiz has been taken 251 times
    243 since last reset
  • The average score is 14 of 15
Answer Stats
Bombed by... Country % Correct
Saudi Arabia
98%
United Arab Emirates
97%
Israel & USA Islamic Republic of Iran
96%
Israel Lebanon
96%
Iraq (inc. Kurdistan)
95%
Qatar
95%
Jordan
93%
Oman
93%
Bahrain
91%
Türkiye / Turkey* [Denied by IR]
91%
Syria* [IR claim accidental, target was Israel]
90%
Kuwait
88%
Israel
85%
United Kingdom (RAF Akrotiri, Cyprus)
84%
IR Iran Azerbaijan* [Denied by IR]
78%
No matching quizzes found
Score Distribution
Percent of People with Each Score
Percentile by Number Answered
Your Score History
You have not taken this quiz since the last reset